[Event "9. Lovsprings EMT Basis 4 1997"]
[Site "Ringsted"]
[Date "1997.03.14"]
[Round "1"]
[White "Astrup, Knud"]
[Black "Rytter, Morten"]
[Result "0-1"]
[WhiteElo "1161"]
[BlackElo "1231"]
[PlyCount "136"]
[EventDate "1997.??.??"]

1. f4 d5 2. Nf3 Bg4 3. e3 Nf6 4. Be2 Nc6 5. b3 e6 6. Bb2 Bd6 7. O-O Ne7 8. Bxf6
gxf6 9. c4 c6 10. Nc3 Rg8 11. Nd4 Bh3 12. Bf3 Qc7 13. Kh1 Bf5 14. Nxf5 Nxf5 15.
Qc2 dxc4 16. bxc4 O-O-O 17. Ne4 Rg6 18. Bh5 Rh6 19. Bg4 Ng7 20. Rad1 f5 21.
Nxd6+ Qxd6 22. Bf3 Nh5 23. Bxh5 Rxh5 24. d4 Kb8 25. c5 Qd5 26. Kg1 Rh6 27. Qf2
Rg6 28. g3 Rdg8 29. Rd2 h5 30. Qg2 Qxg2+ 31. Rxg2 h4 32. Rf3 hxg3 33. Rfxg3
Rxg3 34. hxg3 Rh8 35. Rh2 Rxh2 36. Kxh2 b6 37. cxb6 axb6 38. Kg2 Ka7 39. Kf2
Ka6 40. Ke2 Kb5 41. Kd3 Kb4 42. Kc2 c5 43. dxc5 bxc5 44. Kb2 c4 45. a3+ Kb5 46.
Kc3 Kc5 47. a4 f6 48. a5 Kb5 49. a6 Kxa6 50. Kxc4 Kb6 51. Kd4 Kc6 52. Kc4 Kc7
53. Kc5 Kd7 54. Kd4 Kd6 55. e4 e5+ 56. Ke3 Ke6 57. Kf3 fxe4+ 58. Kxe4 f5+ 59.
Kf3 e4+ 60. Ke3 Kd5 61. Ke2 Kd4 62. g4 fxg4 63. f5 Ke5 64. f6 Kxf6 65. Ke3 Kf5
66. Kf2 Kf4 67. Kg2 e3 68. Kf1 Kf3 0-1

[Event "9. Lovsprings EMT Basis 4 1997"]
[Site "Ringsted"]
[Date "1997.03.14"]
[Round "1"]
[White "Christensen, Knud"]
[Black "Skytt, Soren"]
[Result "1-0"]
[WhiteElo "1251"]
[BlackElo "1000"]
[PlyCount "36"]
[EventDate "1997.??.??"]

1. e4 e5 2. Nf3 Nc6 3. Nc3 Nf6 4. Bc4 d6 5. d3 Bg4 6. Be3 Bxf3 7. Qxf3 Be7 8.
g4 Qd7 9. h3 O-O-O 10. g5 g6 11. gxf6 Bxf6 12. Qxf6 b6 13. Qxf7 Qxf7 14. Bxf7
Rhf8 15. Bd5 Ne7 16. Bg5 Nxd5 17. Bxd8 Kxd8 18. Nxd5 Kd7 1-0

[Event "9. Lovsprings EMT Basis 4 1997"]
[Site "Ringsted"]
[Date "1997.03.14"]
[Round "1"]
[White "Handreck, Helle"]
[Black "Orup, Kim Amdi"]
[Result "0-1"]
[WhiteElo "1107"]
[BlackElo "1223"]
[PlyCount "56"]
[EventDate "1997.??.??"]

1. d4 Nf6 2. Bf4 d5 3. e3 Nc6 4. Bd3 g6 5. h3 Bg7 6. Nf3 Ne4 7. Nbd2 Bf5 8. Nh4
e5 9. dxe5 Qxh4 10. Bxe4 dxe4 11. Qe2 O-O 12. O-O-O Nxe5 13. Qb5 Qf6 14. Qb4
Qc6 15. Kb1 Rad8 16. g4 Be6 17. Nxe4 Qc4 18. Qxc4 Bxc4 19. Bg5 f6 20. Bf4 Be2
21. Rde1 Bf3 22. Nxf6+ Bxf6 23. Rhg1 Be4 24. Rc1 Nf3 25. Rcd1 c6 26. Bc7 Rd5
27. Rxd5 cxd5 28. Ka1 Rc8 0-1

[Event "9. Lovsprings EMT Basis 4 1997"]
[Site "Ringsted"]
[Date "1997.03.14"]
[Round "1"]
[White "Jensen, Soren3"]
[Black "Abdi, Farhad"]
[Result "1/2-1/2"]
[WhiteElo "1067"]
[BlackElo "1060"]
[PlyCount "108"]
[EventDate "1997.??.??"]

1. e4 c5 2. Nc3 Nc6 3. Bc4 Nf6 4. d3 d6 5. Nf3 a6 6. h3 g6 7. Nd5 Bg7 8. Nxf6+
Bxf6 9. Rb1 O-O 10. Bh6 Bg7 11. Bxg7 Kxg7 12. Ng5 e6 13. Nf3 b5 14. Bb3 Bb7 15.
O-O Rc8 16. a3 Qf6 17. Qd2 Ne5 18. Nxe5 Qxe5 19. f4 Qf6 20. c3 Qe7 21. Qe3 f5
22. e5 d5 23. c4 Kh8 24. cxd5 Bxd5 25. Bxd5 exd5 26. d4 c4 27. Rbc1 Rc6 28. Qc3
Rg8 29. Rf3 h5 30. Rg3 Qh4 31. Qf3 Qe7 32. Qxd5 Rb6 33. b4 Kh7 34. Rcc3 Rd8 35.
Qc5 Qxc5 36. dxc5 Rc6 37. Rgf3 Kg7 38. a4 Kf7 39. a5 Rd4 40. Rc2 Ke6 41. Rff2
Rc7 42. g3 Kd5 43. Rfe2 Rc6 44. Kf2 Re4 45. Rxe4 Kxe4 46. Ke2 Kd4 47. h4 Kd5
48. Rd2+ Ke6 49. Rd8 Kf7 50. Ke3 Rc7 51. Rd6 Ke7 52. Kd2 Rd7 53. Rxd7+ Kxd7 54.
Kc3 Kd8 1/2-1/2

[Event "9. Lovsprings EMT Basis 4 1997"]
[Site "Ringsted"]
[Date "1997.03.14"]
[Round "1"]
[White "Nielsen, Poul"]
[Black "Nielsen, Jan"]
[Result "0-1"]
[WhiteElo "1202"]
[BlackElo "1262"]
[PlyCount "79"]
[EventDate "1997.??.??"]

1. d4 d5 2. Bf4 c5 3. c3 Nc6 4. e3 Nf6 5. Bd3 e6 6. c4 cxd4 7. exd4 Bb4+ 8. Bd2
Bd6 9. c5 Bc7 10. Nf3 b6 11. Bb5 Bb7 12. Qa4 Qd7 13. Ne5 Bxe5 14. dxe5 Ne4 15.
cxb6 axb6 16. Qc2 O-O 17. Nc3 Nxd2 18. Qxd2 Qc7 19. Bxc6 Bxc6 20. f4 Rfd8 21.
Qe2 Qb7 22. Nb5 Ra4 23. O-O Re4 24. Qd3 Qa6 25. a4 Rxa4 26. Rxa4 Qxa4 27. Nc3
Qb4 28. Rf2 Ra8 29. f5 d4 30. Nd1 Ra1 31. Qc2 Ba4 32. Qc8+ Qf8 33. Qxf8+ Kxf8
34. fxe6 Rxd1+ 35. Rf1 Rxf1+ 36. Kxf1 fxe6 37. Kf2 Bc2 38. Ke2 d3+ 39. Ke3 Kf7
40. g4 0-1

[Event "9. Lovsprings EMT Basis 4 1997"]
[Site "Ringsted"]
[Date "1997.03.14"]
[Round "1"]
[White "Nikolajsen, Martin"]
[Black "Hansen, Arne Mandrup"]
[Result "1/2-1/2"]
[WhiteElo "1268"]
[BlackElo "1133"]
[PlyCount "74"]
[EventDate "1997.??.??"]

1. e4 c6 2. Nc3 d5 3. exd5 cxd5 4. d4 Nf6 5. Nf3 e6 6. Bg5 Be7 7. Bd3 O-O 8.
Bxf6 Bxf6 9. h4 Re8 10. Ne2 Nd7 11. Kf1 e5 12. dxe5 Bxe5 13. c3 Nf6 14. Qd2 Bd7
15. Re1 Qc7 16. g3 Rad8 17. Kg2 Bc6 18. Kh2 Ne4 19. Qe3 Nf6 20. Qd2 Bd6 21.
Ned4 Bd7 22. Bb5 h6 23. Kg2 Bc5 24. Bxd7 Rxd7 25. Rxe8+ Nxe8 26. Re1 Nf6 27.
Qd3 Ne4 28. Nd2 Nf6 29. N2f3 Rd8 30. b4 Bb6 31. a4 a6 32. a5 Ba7 33. Nd2 Bb8
34. Qe3 Kf8 35. Qf3 Qd7 36. Qf5 Qc7 37. Qd3 Ba7 1/2-1/2

[Event "9. Lovsprings EMT Basis 4 1997"]
[Site "Ringsted"]
[Date "1997.03.14"]
[Round "1"]
[White "Petersen, Gregers"]
[Black "Andersen, Jorgen"]
[Result "1-0"]
[WhiteElo "1205"]
[BlackElo "1171"]
[PlyCount "153"]
[EventDate "1997.??.??"]

1. Nf3 d6 2. d4 Nf6 3. c4 Bg4 4. Qb3 Bxf3 5. Qxf3 d5 6. c5 c6 7. b4 b6 8. g3 e6
9. Ba3 b5 10. Bg2 a5 11. Qc3 Be7 12. Nd2 O-O 13. O-O Nfd7 14. Nb3 a4 15. Nd2
Bf6 16. Nf3 Re8 17. Ne5 Bxe5 18. dxe5 f6 19. exf6 Nxf6 20. Rfd1 Ra7 21. Rd3
Rae7 22. e4 e5 23. f3 Rd7 24. Rad1 d4 25. Qa1 Na6 26. Bh3 Rde7 27. Bg2 Qb8 28.
Qb1 Rf8 29. Bc1 h6 30. Rf1 Qe8 31. a3 Nc7 32. Re1 Kh8 33. Bb2 Ne6 34. Bh3 Ng5
35. Bg2 Qh5 36. h4 Ne6 37. Kf2 Qg6 38. Qa2 Ng4+ 39. Kg1 Ne3 40. Bc1 Nxg2 41.
Qxg2 Ref7 42. Rf1 Rf6 43. Bd2 R8f7 44. Be1 Qh5 45. Bd2 Qg6 46. Kh2 Qh5 47. Kh3
g5 48. Qh1 gxh4 49. g4 Ng5+ 50. Bxg5 Qxg5 51. Qg1 Rf4 52. Qf2 Rxg4 53. fxg4
Rxf2 54. Rxf2 Kg7 55. Rdf3 Qe7 56. Rd2 Kg6 57. Rf5 Qe6 58. Rf3 h5 59. Rf5 hxg4+
60. Kxh4 Qxf5 61. exf5+ Kxf5 62. Rf2+ Ke4 63. Kxg4 d3 64. Kg3 Kd4 65. Rf6 e4
66. Kf4 d2 67. Rd6+ Kc3 68. Kxe4 Kc2 69. Ke5 d1=Q 70. Rxd1 Kxd1 71. Kd6 Kc2 72.
Kxc6 Kb3 73. Kxb5 Kxa3 74. c6 Kb3 75. c7 a3 76. c8=Q a2 77. Qc1 1-0

[Event "9. Lovsprings EMT Basis 4 1997"]
[Site "Ringsted"]
[Date "1997.03.21"]
[Round "2"]
[White "Abdi, Farhad"]
[Black "Nikolajsen, Martin"]
[Result "0-1"]
[WhiteElo "1060"]
[BlackElo "1268"]
[PlyCount "96"]
[EventDate "1997.??.??"]

1. e4 e5 2. Nf3 Nf6 3. d3 Bc5 4. Bg5 d6 5. c3 O-O 6. Be2 h6 7. d4 exd4 8. cxd4
Bb4+ 9. Bd2 Bxd2+ 10. Nbxd2 Re8 11. e5 dxe5 12. dxe5 Ng4 13. Nc4 Qxd1+ 14. Rxd1
Be6 15. h3 Bxc4 16. Bxc4 Nxe5 17. Nxe5 Rxe5+ 18. Be2 Nc6 19. Rd2 Rae8 20. Kd1
Kf8 21. Re1 f6 22. Rd7 Rd8 23. Rxd8+ Nxd8 24. Bf3 Rxe1+ 25. Kxe1 b6 26. Kd2 Ke7
27. Kd3 Ne6 28. a4 Kd6 29. b4 a5 30. Kc4 axb4 31. Kxb4 Nc5 32. Ba8 Nd3+ 33. Kc4
Nxf2 34. Bd5 Nd1 35. Bf3 Nb2+ 36. Kb4 Nd3+ 37. Kc4 Ne5+ 38. Kd4 Nxf3+ 39. gxf3
g5 40. Ke4 Ke6 41. Kd4 c5+ 42. Ke4 f5+ 43. Kd3 Kd5 44. Kc3 h5 45. Kd3 g4 46.
fxg4 fxg4 47. hxg4 hxg4 48. Ke3 c4 0-1

[Event "9. Lovsprings EMT Basis 4 1997"]
[Site "Ringsted"]
[Date "1997.03.21"]
[Round "2"]
[White "Andersen, Jorgen"]
[Black "Nielsen, Poul"]
[Result "1-0"]
[WhiteElo "1171"]
[BlackElo "1202"]
[PlyCount "85"]
[EventDate "1997.??.??"]

1. e4 e5 2. Nf3 d6 3. Bc4 h6 4. Nc3 Nf6 5. d3 Nc6 6. Be3 Na5 7. Bb3 Nxb3 8.
axb3 Be6 9. O-O Ng4 10. Qd2 c6 11. d4 Qf6 12. d5 Nxe3 13. fxe3 Bg4 14. b4 Qg6
15. Qf2 Be7 16. Nh4 Qh5 17. Nf5 Bxf5 18. exf5 O-O 19. b5 c5 20. Ne4 f6 21. c4
Qg4 22. Nd2 Bd8 23. b3 Bb6 24. Nf3 Qxf5 25. Nh4 Qxf2+ 26. Rxf2 Kh7 27. Nf5 Rfd8
28. Raf1 Rd7 29. e4 a6 30. Ra2 a5 31. Rf3 g6 32. Ne3 h5 33. g4 Bd8 34. gxh5
gxh5 35. Nf5 Bc7 36. Rh3 Rg8+ 37. Kh1 Rg5 38. Rg2 Rxg2 39. Rxh5+ Kg6 40. Rh6+
Kg5 41. Kxg2 Bd8 42. Kf3 Be7 43. h4# 1-0

[Event "9. Lovsprings EMT Basis 4 1997"]
[Site "Ringsted"]
[Date "1997.03.21"]
[Round "2"]
[White "Handreck, Helle"]
[Black "Astrup, Knud"]
[Result "0-1"]
[WhiteElo "1107"]
[BlackElo "1161"]
[PlyCount "152"]
[EventDate "1997.??.??"]

1. d4 d5 2. Bf4 e6 3. e3 Nf6 4. Bd3 c5 5. Bb5+ Bd7 6. Bxd7+ Nbxd7 7. dxc5 Bxc5
8. Nd2 Bb4 9. c3 Ba5 10. Ngf3 Bc7 11. Bxc7 Qxc7 12. h3 O-O 13. O-O a6 14. b4
Qxc3 15. a3 Qc7 16. Re1 Rac8 17. Qe2 b5 18. Qd3 Ne5 19. Nxe5 Qxe5 20. Nf3 Qd6
21. Ng5 h6 22. Nf3 Rc7 23. e4 Qb6 24. exd5 Nxd5 25. Qe4 Rc4 26. Qe2 Rfc8 27.
Rf1 f6 28. Rae1 Kf7 29. Qd3 R8c6 30. Kh1 Rc3 31. Qe4 Rxa3 32. Qh4 Rc4 33. Qh5+
Kf8 34. Rb1 Nxb4 35. Nd2 Rc5 36. Qh4 Nd5 37. Qg4 Qc6 38. Nb3 Ra4 39. Qg3 Rc3
40. Qb8+ Ke7 41. Qa7+ Qc7 42. Qa8 Nb6 43. Qg8 Kd6 44. Rfd1+ Nd5 45. Re1 Qd7 46.
Nd2 f5 47. Qb8+ Rc7 48. Nf3 Qc8 49. Qxc8 Rxc8 50. Rbd1 Re4 51. Ra1 Rxe1+ 52.
Nxe1 Rc6 53. Nd3 Nc7 54. Kg1 g5 55. g3 e5 56. Rd1 Ke6 57. Ra1 Rc4 58. Kf1 e4
59. Nb2 Rc5 60. Nd1 b4 61. Nb2 a5 62. Ke1 Nd5 63. Na4 Rb5 64. Kd2 f4 65. g4 Ke5
66. Rc1 Nb6 67. Nc5 Kd5 68. Nb3 a4 69. Na1 Nc4+ 70. Kc2 b3+ 71. Kb1 a3 72. Rd1+
Kc5 73. Nxb3+ Rxb3+ 74. Kc2 Kb4 75. Rb1 Rxb1 76. Kxb1 e3 0-1

[Event "9. Lovsprings EMT Basis 4 1997"]
[Site "Ringsted"]
[Date "1997.03.21"]
[Round "2"]
[White "Hansen, Arne Mandrup"]
[Black "Petersen, Gregers"]
[Result "1-0"]
[WhiteElo "1133"]
[BlackElo "1205"]
[PlyCount "99"]
[EventDate "1997.??.??"]

1. b3 Nc6 2. Bb2 e5 3. c4 Nf6 4. a3 Bc5 5. e3 O-O 6. d3 d5 7. cxd5 Nxd5 8. Qd2
Qf6 9. Nc3 Nxc3 10. Bxc3 Re8 11. Ne2 b6 12. Ng3 Qe7 13. b4 Bd6 14. Rb1 b5 15.
Be2 Bb7 16. O-O Rf8 17. Nf5 Qg5 18. e4 Qxd2 19. Bxd2 Nd4 20. Nxd4 exd4 21. Rbc1
Rae8 22. Rc2 f5 23. f3 h6 24. Rfc1 Rf7 25. g3 g5 26. Kg2 f4 27. g4 a6 28. Rh1
Kg7 29. Rcc1 Kg6 30. h4 h5 31. gxh5+ Kxh5 32. hxg5+ Kxg5 33. Kf2 Be5 34. Rcg1+
Kf6 35. Bf1 Bc8 36. Bh3 Bxh3 37. Rxh3 Ke7 38. Rg5 Kd8 39. Rh6 Bf6 40. Rg4 Re6
41. Ke1 Rc6 42. Kd1 Kc8 43. e5 Kb7 44. Rxf6 Rfxf6 45. exf6 Rxf6 46. Rxf4 Rd6
47. Re4 Kb6 48. f4 c5 49. bxc5+ Kxc5 50. Bb4+ 1-0

[Event "9. Lovsprings EMT Basis 4 1997"]
[Site "Ringsted"]
[Date "1997.03.21"]
[Round "2"]
[White "Nielsen, Jan"]
[Black "Orup, Kim Amdi"]
[Result "1/2-1/2"]
[WhiteElo "1262"]
[BlackElo "1223"]
[PlyCount "104"]
[EventDate "1997.??.??"]

1. d4 Nf6 2. c4 d5 3. Nc3 e6 4. Bg5 Be7 5. cxd5 Nxd5 6. Bxe7 Qxe7 7. e4 Nxc3 8.
bxc3 c6 9. Nf3 Nd7 10. Bd3 Nf6 11. O-O O-O 12. Re1 Qa3 13. Qc2 g6 14. Qd2 c5
15. e5 Ne8 16. Bb5 cxd4 17. Bxe8 Rxe8 18. cxd4 b6 19. Qh6 Qf8 20. Qh3 Bb7 21.
Ng5 h6 22. Nf3 Bxf3 23. Qxf3 Rac8 24. Rac1 Re7 25. d5 exd5 26. Qxd5 Rec7 27.
Rxc7 Rxc7 28. h3 Kg7 29. e6 f6 30. Rd1 Qe7 31. g4 g5 32. Qf5 Kf8 33. Rd7 Rxd7
34. exd7 Kg7 35. Qd5 Qd8 36. Qe6 Kf8 37. Qd6+ Kf7 38. a4 a6 39. Kg2 b5 40. axb5
axb5 41. Qd5+ Ke7 42. Qxb5 Qxd7 43. Qxd7+ Kxd7 44. Kf3 Ke6 45. Ke4 Ke7 46. Kf5
Kf7 47. f3 Kg7 48. Ke4 Kf7 49. f4 gxf4 50. Kxf4 Kg6 51. Kf3 Kg5 52. Kg3 h5
1/2-1/2

[Event "9. Lovsprings EMT Basis 4 1997"]
[Site "Ringsted"]
[Date "1997.03.21"]
[Round "2"]
[White "Rytter, Morten"]
[Black "Christensen, Knud"]
[Result "0-1"]
[WhiteElo "1231"]
[BlackElo "1251"]
[PlyCount "116"]
[EventDate "1997.??.??"]

1. e4 c6 2. c3 d5 3. exd5 Qxd5 4. Qf3 Nf6 5. d4 Bg4 6. Qxd5 Nxd5 7. Bd3 e6 8.
f3 Bh5 9. Bg5 h6 10. Bh4 Ne3 11. g4 Bg6 12. Bxg6 fxg6 13. Kd2 Nc4+ 14. Kc2 Bd6
15. Nd2 Ne3+ 16. Kd3 Ng2 17. Bf2 O-O 18. Ne2 Nd7 19. Rhg1 Nf4+ 20. Nxf4 Bxf4
21. Be3 e5 22. Bxf4 Rxf4 23. Ke3 Raf8 24. Rg3 exd4+ 25. cxd4 g5 26. Ne4 Re8 27.
h4 Nf6 28. hxg5 hxg5 29. Kd3 Nxe4 30. Re1 Nf2+ 31. Kd2 Rxe1 32. Kxe1 Nd3+ 33.
Ke2 Nxb2 34. Ke3 b5 35. Rg2 Nc4+ 36. Kd3 Rxf3+ 37. Ke4 Rf4+ 38. Kd3 a6 39. Kc3
Kf7 40. Kb4 Rxd4 41. Kc5 Rd6 42. Rf2+ Kg6 43. Rf5 Re6 44. Rf8 Ne5 45. Ra8 Nd7+
46. Kb4 c5+ 47. Kc3 Ne5 48. Rc8 c4 49. Kb4 Nxg4 50. a4 bxa4 51. Rxc4 Ne5 52.
Rc7 Rc6 53. Re7 Kf6 54. Re8 Rc4+ 55. Ka3 g4 56. Rh8 g3 57. Rh1 Nf3 58. Rf1 Rf4
0-1

[Event "9. Lovsprings EMT Basis 4 1997"]
[Site "Ringsted"]
[Date "1997.03.21"]
[Round "2"]
[White "Skytt, Soren"]
[Black "Jensen, Soren3"]
[Result "0-1"]
[WhiteElo "1000"]
[BlackElo "1067"]
[PlyCount "24"]
[EventDate "1997.??.??"]

1. e4 e5 2. Nf3 Nc6 3. Nc3 Bc5 4. Bc4 d6 5. b3 Nf6 6. Bb2 Bg4 7. O-O Nd4 8. Nd5
Nxf3+ 9. gxf3 Bh3 10. Re1 Nxd5 11. Bxd5 Qg5+ 12. Kh1 Qg2# 0-1

[Event "9. Lovsprings EMT Basis 4 1997"]
[Site "Ringsted"]
[Date "1997.04.04"]
[Round "3"]
[White "Andersen, Jorgen"]
[Black "Astrup, Knud"]
[Result "0-1"]
[WhiteElo "1171"]
[BlackElo "1161"]
[PlyCount "78"]
[EventDate "1997.??.??"]

1. e4 e6 2. Nf3 d5 3. exd5 exd5 4. d4 Nf6 5. Be2 c6 6. Nc3 Nbd7 7. O-O Bb4 8.
Bd3 O-O 9. Ne2 Re8 10. a3 Bd6 11. Bf4 Qc7 12. Bxd6 Qxd6 13. Re1 Ne4 14. Ng3
Ndf6 15. Nd2 Nxg3 16. Rxe8+ Nxe8 17. hxg3 Nf6 18. Be2 Bf5 19. c4 Re8 20. c5 Qd7
21. f3 Re7 22. g4 Bg6 23. Nf1 Ne8 24. Ng3 Nc7 25. Bd3 Bxd3 26. Qxd3 g6 27. Rf1
Ne6 28. Qd2 Qc7 29. Ne2 Qd8 30. f4 Qe8 31. g5 Nxg5 32. fxg5 Rxe2 33. Qc3 Qe4
34. Qf3 Qe7 35. Qg4 a6 36. b4 Re4 37. Rf4 Qc7 38. Qh3 Qxf4 39. Qc3 Qe3+ 0-1

[Event "9. Lovsprings EMT Basis 4 1997"]
[Site "Ringsted"]
[Date "1997.04.04"]
[Round "3"]
[White "Hansen, Arne Mandrup"]
[Black "Nielsen, Jan"]
[Result "0-1"]
[WhiteElo "1133"]
[BlackElo "1262"]
[PlyCount "70"]
[EventDate "1997.??.??"]

1. b3 d5 2. Bb2 c5 3. e3 Nc6 4. Bb5 Nf6 5. Nf3 Bg4 6. O-O a6 7. Bxc6+ bxc6 8.
d3 e6 9. Nbd2 Bd6 10. Qc1 Qc7 11. c4 e5 12. g3 e4 13. Nh4 Be7 14. Ng2 g5 15.
dxe4 Rg8 16. f3 Bh3 17. Qe1 g4 18. f4 Nxe4 19. Nxe4 dxe4 20. Rd1 Rd8 21. Rd2
Rd6 22. Qc1 Qd7 23. Rxd6 Bxd6 24. Rd1 Qe7 25. Nh4 Bc7 26. Rd3 exd3 27. Nf5 Qd7
28. e4 d2 29. Qd1 Qd3 30. Be5 Bxe5 31. fxe5 Qf3 32. Qxf3 gxf3 33. Ne3 Ke7 34.
Kf2 Rd8 35. Nf5+ Bxf5 0-1

[Event "9. Lovsprings EMT Basis 4 1997"]
[Site "Ringsted"]
[Date "1997.04.04"]
[Round "3"]
[White "Jensen, Soren3"]
[Black "Nikolajsen, Martin"]
[Result "0-1"]
[WhiteElo "1067"]
[BlackElo "1268"]
[PlyCount "36"]
[EventDate "1997.??.??"]

1. e4 e5 2. Nf3 Nf6 3. Bc4 Nxe4 4. Qe2 d5 5. Bd3 Bf5 6. Nxe5 Bd6 7. Bxe4 dxe4
8. Nc4 O-O 9. Nc3 Re8 10. O-O Nc6 11. b3 Nd4 12. Qd1 Re6 13. Ne2 Bg4 14. Re1
Bxe2 15. Rxe2 Bxh2+ 16. Kxh2 Nf3+ 17. gxf3 Qh4+ 18. Kg2 Rg6+ 0-1

[Event "9. Lovsprings EMT Basis 4 1997"]
[Site "Ringsted"]
[Date "1997.04.04"]
[Round "3"]
[White "Nielsen, Poul"]
[Black "Handreck, Helle"]
[Result "1-0"]
[WhiteElo "1202"]
[BlackElo "1107"]
[PlyCount "46"]
[EventDate "1997.??.??"]

1. d4 d5 2. Bf4 Bg4 3. h3 Bh5 4. g4 Bg6 5. Nf3 Be4 6. Bg2 e6 7. a3 h6 8. Nc3
Bh7 9. Nb5 c6 10. Nc7+ Kd7 11. Nxa8 Na6 12. Ne5+ Ke8 13. e3 Qxa8 14. c4 Qd8 15.
Qb3 Qc8 16. O-O Be7 17. cxd5 exd5 18. Rac1 Nb8 19. Bxd5 Qd8 20. Bxf7+ Kf8 21.
Ng6+ Bxg6 22. Bxg6 Qd5 23. Qxd5 cxd5 1-0

[Event "9. Lovsprings EMT Basis 4 1997"]
[Site "Ringsted"]
[Date "1997.04.04"]
[Round "3"]
[White "Orup, Kim Amdi"]
[Black "Christensen, Knud"]
[Result "1/2-1/2"]
[WhiteElo "1223"]
[BlackElo "1251"]
[PlyCount "114"]
[EventDate "1997.??.??"]

1. e4 c6 2. d4 d5 3. e5 Bf5 4. Bd3 e6 5. Bxf5 exf5 6. Nf3 Be7 7. Qd3 Qd7 8. O-O
Qe6 9. Bf4 Nd7 10. b3 h6 11. c4 g5 12. Bd2 g4 13. Ne1 f6 14. f4 h5 15. Nc3 Nh6
16. cxd5 cxd5 17. Qb5 O-O-O 18. Qxd5 Nc5 19. Qxe6+ Nxe6 20. d5 Bc5+ 21. Kh1
fxe5 22. fxe5 Bb4 23. Bxh6 Bxc3 24. Rc1 Rxh6 25. Rxc3+ Kd7 26. dxe6+ Kxe6 27.
Nd3 Rh7 28. Re1 Rd4 29. Nc5+ Kd5 30. e6 Rc7 31. e7 Rxe7 32. Rf1 f4 33. Kg1 Rc7
34. Na4 Rc6 35. Rxc6 bxc6 36. Nc3+ Ke5 37. Re1+ Kf5 38. Re2 Rd3 39. Rc2 f3 40.
g3 Re3 41. Kf2 Re6 42. Nd1 Rh6 43. Rc4 Re6 44. Ne3+ Ke5 45. Nxg4+ hxg4 46. Rxg4
Rf6 47. Rf4 Rxf4 48. gxf4+ Kxf4 49. h4 Kg4 50. h5 Kxh5 51. Kxf3 Kg5 52. Ke4 Kf6
53. Kd4 Ke6 54. Kc5 Kd7 55. a4 Kc7 56. b4 Kd7 57. b5 cxb5 1/2-1/2

[Event "9. Lovsprings EMT Basis 4 1997"]
[Site "Ringsted"]
[Date "1997.04.04"]
[Round "3"]
[White "Petersen, Gregers"]
[Black "Rytter, Morten"]
[Result "0-1"]
[WhiteElo "1205"]
[BlackElo "1231"]
[PlyCount "64"]
[EventDate "1997.??.??"]

1. Nf3 d5 2. d4 Bf5 3. c4 e6 4. c5 Nc6 5. Nc3 Nf6 6. g3 Be7 7. Bg2 O-O 8. O-O
Qd7 9. Bf4 b6 10. cxb6 cxb6 11. a3 Na5 12. Ne5 Qd8 13. b4 Nb7 14. Rc1 a6 15.
Nc6 Qd7 16. Ne5 Qd8 17. Nc6 Qd7 18. Nxe7+ Qxe7 19. Qb3 b5 20. Ra1 Qd7 21. h3 h6
22. g4 Be4 23. f3 Bh7 24. Rfd1 Nd6 25. Be5 Nc4 26. Bxf6 gxf6 27. Bh1 Kh8 28. e4
Rg8 29. Kh2 Qd6+ 30. Kg2 dxe4 31. fxe4 Ne3+ 32. Kg1 Qg3+ 0-1

[Event "9. Lovsprings EMT Basis 4 1997"]
[Site "Ringsted"]
[Date "1997.04.11"]
[Round "4"]
[White "Astrup, Knud"]
[Black "Jensen, Soren3"]
[Result "0-1"]
[WhiteElo "1161"]
[BlackElo "1067"]
[PlyCount "86"]
[EventDate "1997.??.??"]

1. f4 d5 2. Nf3 Nc6 3. e3 Bf5 4. Be2 e6 5. b3 Bd6 6. Bb2 f6 7. O-O Nb4 8. d3
Bc5 9. Bd4 Qd6 10. c3 Nc6 11. Bxc5 Qxc5 12. Qd2 Nge7 13. Kh1 O-O 14. Ne5 fxe5
15. fxe5 Ng6 16. d4 Qe7 17. c4 Be4 18. Nc3 Qh4 19. Nxe4 Qxe4 20. Bd3 Qg4 21.
cxd5 exd5 22. Be2 Qe6 23. Bf3 Nh4 24. Qe2 Nxf3 25. gxf3 Ne7 26. Rg1 c6 27. Qg2
g6 28. Raf1 Nf5 29. Qe2 Rac8 30. e4 Nxd4 31. Qd3 Qxe5 32. Qe3 Rce8 33. Rg5 Qe7
34. f4 Qxe4+ 35. Qxe4 Rxe4 36. Rg4 Nf5 37. Rgg1 Ne3 38. Re1 Rfxf4 39. Rg3 Nf5
40. Rgg1 Rxe1 41. Rxe1 Rf2 42. a4 Rb2 43. Re8+ Kg7 0-1

[Event "9. Lovsprings EMT Basis 4 1997"]
[Site "Ringsted"]
[Date "1997.04.11"]
[Round "4"]
[White "Handreck, Helle"]
[Black "Andersen, Jorgen"]
[Result "1-0"]
[WhiteElo "1107"]
[BlackElo "1171"]
[PlyCount "83"]
[EventDate "1997.??.??"]

1. d4 e6 2. Bf4 Nc6 3. e3 d5 4. Bd3 Nf6 5. Nc3 Bd6 6. Bxd6 cxd6 7. h3 O-O 8.
Nf3 e5 9. dxe5 dxe5 10. e4 dxe4 11. Nxe4 Re8 12. O-O Bf5 13. Re1 Qe7 14. c3
Rad8 15. Qc2 Nd5 16. Rad1 Bxe4 17. Bxe4 Nf4 18. Bxh7+ Kh8 19. Be4 Ne6 20. Bxc6
bxc6 21. Rxe5 Rxd1+ 22. Qxd1 g6 23. Qe2 Qd8 24. Ng5 Qd7 25. Nf3 Kg7 26. Qc2 Qc7
27. Re4 Re7 28. c4 c5 29. Rh4 Nd4 30. Qc3 f6 31. Nxd4 cxd4 32. Qc1 d3 33. Qh6+
Kf7 34. Qh7+ Ke8 35. Qxg6+ Kd8 36. Qxd3+ Kc8 37. Re4 Rd7 38. Re8+ Kb7 39. Qf3+
Ka6 40. Re6+ Rd6 41. Qa3+ Kb7 42. Qxd6 1-0

[Event "9. Lovsprings EMT Basis 4 1997"]
[Site "Ringsted"]
[Date "1997.04.11"]
[Round "4"]
[White "Nielsen, Jan"]
[Black "Christensen, Knud"]
[Result "1-0"]
[WhiteElo "1262"]
[BlackElo "1251"]
[PlyCount "105"]
[EventDate "1997.??.??"]

1. d4 d5 2. c4 Nf6 3. Nc3 e6 4. Bg5 Be7 5. cxd5 Nxd5 6. Bxe7 Qxe7 7. Nf3 O-O 8.
e4 Nb4 9. a3 N4c6 10. Be2 Rd8 11. O-O Nxd4 12. Nxd4 c5 13. Bf3 Rxd4 14. Qc2 Nc6
15. Rfe1 Ne5 16. Be2 a6 17. Na4 Nd7 18. Rad1 Rxd1 19. Rxd1 g6 20. Rc1 b6 21.
Bf3 Bb7 22. Qc3 f5 23. exf5 Bxf3 24. Qxf3 Rf8 25. Qb7 exf5 26. Nxb6 Re8 27. h3
Nxb6 28. Qxb6 Qe5 29. Qxa6 Qxb2 30. Qc4+ Kg7 31. Qxc5 Ra8 32. Qc3+ Qxc3 33.
Rxc3 h5 34. f4 Ra4 35. g3 h4 36. Kf2 Kh6 37. Kf3 hxg3 38. Kxg3 g5 39. fxg5+
Kxg5 40. Rb3 f4+ 41. Kf3 Kh4 42. Ke2 Re4+ 43. Kd2 Ra4 44. Rf3 Kg5 45. Kc2 Re4
46. Kd3 Ra4 47. Kc2 Re4 48. Kc3 Ra4 49. Kb3 Re4 50. a4 Re3+ 51. Rxe3 fxe3 52.
Kc2 Kf4 53. Kd1 1-0

[Event "9. Lovsprings EMT Basis 4 1997"]
[Site "Ringsted"]
[Date "1997.04.11"]
[Round "4"]
[White "Orup, Kim Amdi"]
[Black "Nikolajsen, Martin"]
[Result "0-1"]
[WhiteElo "1223"]
[BlackElo "1268"]
[PlyCount "56"]
[EventDate "1997.??.??"]

1. e4 e5 2. Bc4 Bc5 3. Nf3 Qf6 4. d3 h6 5. Nc3 Ne7 6. O-O O-O 7. Qe2 d6 8. Be3
Bb6 9. Bxb6 axb6 10. a3 Bg4 11. Qe3 Kh8 12. Rad1 Qg6 13. Rfe1 f5 14. Nd5 Nxd5
15. exd5 Nd7 16. d4 exd4 17. Rxd4 Rae8 18. Qf4 Bxf3 19. Qxf3 Rxe1+ 20. Bf1 Qg5
21. Rd1 Ne5 22. Qc3 Rxd1 23. g3 Qc1 24. Qxc7 Rxf1+ 25. Kg2 Rg1+ 26. Kh3 Qf1+
27. Kh4 g5+ 28. Kh5 Qh3# 0-1

[Event "9. Lovsprings EMT Basis 4 1997"]
[Site "Ringsted"]
[Date "1997.04.11"]
[Round "4"]
[White "Abdi, Farhad"]
[Black "Petersen, Gregers"]
[Result "0-1"]
[WhiteElo "1060"]
[BlackElo "1205"]
[PlyCount "62"]
[EventDate "1997.??.??"]

1. e4 e5 2. Nf3 Nc6 3. d4 exd4 4. Nxd4 Qf6 5. Be3 Bc5 6. c3 Nh6 7. b4 Bb6 8.
Qd2 d6 9. f3 O-O 10. Bxh6 gxh6 11. Nxc6 bxc6 12. Bd3 Re8 13. c4 Qxa1 14. Ke2
Qg7 15. g4 Qg5 16. Qxg5+ hxg5 17. Nd2 f6 18. h4 Re5 19. h5 h6 20. Nf1 a5 21. b5
cxb5 22. cxb5 a4 23. Bc4+ Be6 24. Kd3 Bxc4+ 25. Kxc4 Rc5+ 26. Kd3 Rxb5 27. Ng3
a3 28. Rh2 Ra4 29. Rc2 Rd4+ 30. Kc3 c5 31. Nf5 Ba5# 0-1

[Event "9. Lovsprings EMT Basis 4 1997"]
[Site "Ringsted"]
[Date "1997.04.11"]
[Round "4"]
[White "Rytter, Morten"]
[Black "Hansen, Arne Mandrup"]
[Result "1-0"]
[WhiteElo "1231"]
[BlackElo "1133"]
[PlyCount "99"]
[EventDate "1997.??.??"]

1. e4 c6 2. d4 d5 3. e5 Bf5 4. Bd2 e6 5. f4 h5 6. Nf3 Be7 7. Nc3 Nd7 8. Be3 Bb4
9. Qd2 Qa5 10. Bd3 Ne7 11. a3 O-O-O 12. O-O Bxc3 13. Qxc3 Qxc3 14. bxc3 Bxd3
15. cxd3 Ng8 16. Rab1 Kb8 17. Rb2 Ka8 18. Nd2 Nh6 19. h3 h4 20. c4 Nf5 21. Bf2
Rhg8 22. Nf3 Rh8 23. Rfb1 b6 24. c5 Kb7 25. cxb6 axb6 26. a4 Ka6 27. Ne1 Rhg8
28. Nc2 g5 29. fxg5 Rxg5 30. Nb4+ Kb7 31. a5 b5 32. a6+ Kb6 33. Ra1 Rdg8 34.
Rc2 Rxg2+ 35. Kf1 Rh2 36. Rxc6+ Ka7 37. Rc7+ Ka8 38. Ra2 Rh1+ 39. Ke2 Nxd4+ 40.
Bxd4 Rh2+ 41. Bf2 Nxe5 42. Nc6 Nxc6 43. Rxc6 d4 44. Rc5 b4 45. Rb2 Rb8 46. Rh5
Rg8 47. Rxh4 Rgg2 48. Kf3 f5 49. Rh8+ Ka7 50. Bxd4+ 1-0